000 01142cam a22003498i 4500
001 18838313
003 SISC
005 20161115163408.0
008 151030s2016 nyu b 000 0 eng
010 _a 2015042484
020 _a9781138961074 (hardback)
020 _a9781138961098 (pbk.)
020 _a9781315660004 (ebook)
040 _aDLC
_beng
_cDLC
_erda
042 _apcc
050 0 0 _aLB 3013
_b.H825 2016
082 0 0 _a371.102/4
100 1 _aHunter, Cath.
245 1 0 _aUnderstanding and managing children's behaviour through group work ages 3-5 :
_ba child-centred approach /
_cCath Hunter.
250 _a1st published 2016.
260 _aNY :
_bRoutledge,
_c2016.
263 _a1604
300 _axiv, 151 pages :
_billustrations ;
_c28 cm.
500 _aIncludes bibliographical references.
650 0 _aClassroom management.
650 0 _aProblem children
_xBehavior modification.
650 0 _aBehavior disorders in children.
650 0 _aEducation, Preschool.
906 _a7
_bcbc
_corignew
_d1
_eecip
_f20
_gy-gencatlg
942 _2lcc
_cBK
999 _c305273
_d305273